000
00335nam a22001457a 4500
008
230626b ||||| |||| 00| 0 eng d
020
_a
0803943113
041
_a
eng
080
_2
VOLUME 3
_a
610.73
082
_a
610.73STE
100
_a
7
101
_a
INF
245
_a
TOOLS FOR PRIMARY CARE RESEARCH
_c
STEWART.M
942
_2
udc
_c
BK
999
_c
60043
_d
60043